00550nam a2200193 a 450000100060000000300080000600500170001400800410003103500190007204000320009104100080012308200250013110000160015624500590017226000380023130000250026950000200029465000420031446967BD-RjUL20211209054235.0160806s1966 enka 001 0 eng d a(BD-RjUL)47086 aSBLcSBLdUKMdBD-RjULbeng aeng04a368.41223bBEH 19661 aBell, John 10aHow to get industrial injuries benefits /cby J. Bell. aLondon :bSweet & Maxwell,c1966. axv, 275 p. ;c19 cm. aIncludes index. 0aWorkers' compensationzGreat Britain.